| 000 | 00944nam a22002537a 4500 | ||
|---|---|---|---|
| 005 | 20250501111313.0 | ||
| 008 | 250501b |||||||| |||| 00| 0 eng d | ||
| 020 | _a978-1-032-38054-4 (pbk) | ||
| 037 | _cTB | ||
| 040 |
_aCRL _cCRL |
||
| 041 |
_2eng _aeng |
||
| 084 |
_aWv.J R3 _qCRL |
||
| 245 |
_aRethinking medieval and renaissance political thought: _b Historiographical problems, fresh interpretations, new debates |
||
| 260 |
_aLondon, UK: _bRoutledge, _c2023. |
||
| 300 | _axx, 279p. | ||
| 365 |
_b36.99 _cUKP |
||
| 490 | _aThemes in medieval and early modern history, (Editor) Natasha Hodgson | ||
| 650 | _aPolitical Science | ||
| 650 | _aHistory | ||
| 700 |
_aJones, Chris _eEditor |
||
| 700 |
_aShogimen, Takashi _eEditor _9595260 |
||
| 942 |
_2CC _cTB _hWv.J R3 _n0 |
||
| 999 |
_c1309863 _d1309863 |
||